Statistiques concernant Partis politiques de la coalition Ensemble pour les législatives 2022

Cliquez ici pour prendre le quiz!

Statistiques générales

  • Ce quiz a été pris 51 fois
  • Le résultat moyen est 4 sur 8

Statistiques - réponses

Parti% Correct
La République en Marche / Renaissance
98%
Mouvement Démocrate
90%
Horizons
83%
Agir
56%
Parti radical
39%
Territoires de progrès
27%
En commun
22%
Fédération progressiste
5%

Distribution des résultats

Percentile par nombre de réponses

% des personnes avec chaque résultat

Votre développement - résultats

Vous n’avez pas pris ce quiz